Statistics for BFB Quiz - Multiple Choices

Click here to take the quiz!

General Stats

  • This quiz has been taken 312 times
  • The average score is 8 of 10

Answer Stats

QuestionAnswer% Correct
Who was the first to rejoin in BFB? (BFB 11)Leafy
95%
Which BFB character was the first to be eliminated? (BFB 2)Pencil
95%
What was the title name of the 12th episode of BFB?What Do You Think of Roleplay?
93%
How many BFB characters stayed in BFB after the BFB split?14
90%
Who was eliminated on the 8th episode of BFB?8-Ball
89%
How many teams were there before the BFB split concept?8 teams of 8
89%
What was the title name of the 20th episode of BFB?A Taste of Space
87%
How many teams were there after the BFB split concept?2 teams of 7
85%
Who was eliminated on the 18th episode of BFB?Balloony
60%
Which BFB character was the last to be eliminated? (BFB 29)Teardrop
59%

Score Distribution

Percentile by Number Answered

Percent of People with Each Score

Your Score History

You have not taken this quiz